header

Essentials of working capital management (Record no. 114862)

MARC details
000 -LEADER
fixed length control field 01506nam a2200373 a 4500
082 04 - DEWEY DECIMAL CLASSIFICATION NUMBER
Classification number 658.15/244
100 1# - MAIN ENTRY--AUTHOR NAME
Personal name Sagner, James S.
245 10 - TITLE STATEMENT
Title Essentials of working capital management
260 ## - PUBLICATION, DISTRIBUTION, ETC. (IMPRINT)
Place of publication New York :
Name of publisher Wiley,
Year of publication 2011.
300 ## - PHYSICAL DESCRIPTION
Number of Pages xv, 272 p.
490 1# - SERIES STATEMENT
Series statement Essentials series ;
500 ## - GENERAL NOTE
General note Includes index.
505 0# - FORMATTED CONTENTS NOTE
Formatted contents note pt. 1. Cash--transactions, banking and credit, and financial instruments -- pt. 2. Other working capital accounts--receivables, inventory, and payables -- pt. 3. Issues in working capital management.
650 #0 - SUBJECT ADDED ENTRY--TOPICAL TERM
Topical Term Working capital.
Topical Term Corporations
856 40 - ELECTRONIC LOCATION AND ACCESS
Uniform Resource Identifier http://site.ebrary.com/lib/rucke/Doc?id=10469735

No items available.

© 2026 Rongo University
Contact us: librarian | system librarian | Rongo university